00561nam a2200193Ii 450000100060000000300090000600800410001502000150005604000330007104100080010408200240011210000200013624500590015626400590021530000120027433600260028633700280031233800270034013368CO-ViMGA241108s9999||||xx |||||||||||||| ||und|| a958944220x aCO-ViMGAbspaerdacCO-ViMGA0 aspa04aF.FC Co864.6 - A71l1 aSergio Arboleda10aLas letras, las ciencia y las bellas artes en Colombia 1aBogotá, Colombia : Universidad Sergio Arboleda, 1997 avolumen atextbtxt2rdacontent aunmediatedbn2rdamedia avolumebnc2rdacarrier